000 02505nam a22005654 4500
001 198254
003 SpMaBN
005 20260527224600.0
008 260416s1994 sp | ||| ||spa
016 7 _abimoBNE19950035839
_2SpMaBN
017 _aB 37449-1994
_bOficina Depósito Legal Barcelona
020 _a8401326044
020 _a8401326052
035 _a(OCoLC)434353853
035 _a(SpMaBN)bimo0000430142
040 _aSpMaBN
_bspa
_cSpMaBN
_erdc
080 _a929 Juan Pablo II, Papa (O49.3)
100 0 _aJuan Pablo
_bII
_c, Papa, Santo
_9162513
240 1 0 _aVarcare la soglia della speranza
_lEspañol
245 1 0 _aCruzando el umbral de la esperanza
_cJuan Pablo II ; editado por Vittorio Messori ; traducción de Pedro Antonio Urbina
260 _aBarcelona
_bPlaza & Janés
_c1994
300 _a221 p., [24] p. de lám. col y n.
_c22 cm
336 _2rdacontent
_atexto
337 _2rdamedia
_asin mediación
338 _2rdacarrier
_avolumen
500 _aRegistro provisional. A-16070. Depósito 1
594 _aTraducción de: Varcare la soglia della speranza
600 0 7 _aJuan Pablo
_bII,
_cPapa, Santo
_vEntrevistas
_2embne
_9164932
700 1 1 _aMessori, Vittorio
_d1941-2026
_9243018
852 _aES-MaACL
_cDEPO1
_jA-16070
_hDonación : José Lázaro García
_xEncuadernación rustica
_zEn proceso
942 _2udc
_cMONOGRAFIA
_n0
956 _a1 2
980 _aB 33144-1994
_a84-01-32604-4
_aSpMaBN
_bBNMADRID
_j7/64657
_d7/191743
_cSG_RECOLET
980 _aB 5183-1995
_aSpMaBN
_bBNALCALA
_jAHM/185725
_cSG_PETANTI
980 _aB 39275-1994
_aSpMaBN
_bBNALCALA
_jAHM/185726
_cSG_PETANTI
980 _aB 35832-1994
_aSpMaBN
_bBNALCALA
_jAHM/185727
_cSG_PETANTI
980 _aB 39281-1994
_aSpMaBN
_bBNALCALA
_jAHM/185739
_cSG_PETANTI
980 _aB 8967-1995
_aSpMaBN
_bBNALCALA
_jAHM/185740
_cSG_PETANTI
980 _aB 39281-1984
_aSpMaBN
_bBNALCALA
_jDL/638623
_cCONSERVACI
980 _aB 39275-1994
_aSpMaBN
_bBNALCALA
_jDL/638660
_cCONSERVACI
980 _aB 33144-1994
_aSpMaBN
_bBNALCALA
_jDL/643215
_cCONSERVACI
980 _aB 35832-1994
_aSpMaBN
_bBNALCALA
_jDL/646097
_cCONSERVACI
980 _aB 5183-1995
_aSpMaBN
_bBNALCALA
_jDL/647923
_cCONSERVACI
980 _aB 8967-1995
_aSpMaBN
_bBNALCALA
_jDL/650548
_cCONSERVACI
980 _aB 28676-1994
_aSpMaBN
_bBNALCALA
_jDL/677468
_cCONSERVACI
999 _c198254
_d198254